|
|
|
|
| LEADER |
02170nam a2200253 a 4500 |
| 001 |
1716842 |
| 008 |
100103s1973 nyu b 000 0 eng d |
| 010 |
|
|
|a \\\72092029
|
| 020 |
|
|
|a 0853452733
|
| 040 |
|
|
|a DLC
|c DLC
|d DLC
|d BD-DhAAL
|
| 082 |
0 |
0 |
|a 320.9/54/05
|2 18
|
| 100 |
1 |
|
|a Gough, Kathleen,
|d 1925-
|e comp.
|
| 245 |
1 |
0 |
|a Imperialism and revolution in South Asia /
|c edited by Kathleen Gough and Hari P. Sharma.
|
| 260 |
|
|
|a New York :
|b Monthly Review Press,
|c 1973
|
| 300 |
|
|
|a viii, 470 p. :
|b ill. ;
|c 22 cm.
|
| 504 |
|
|
|a Includes bibliographical references.
|
| 505 |
0 |
|
|a Historical background and the impact of imperialism and capitalism: Gough, K. Imperialism and revolutionary potential in South Asia. Bagchi, A. K. Foreign capital and economic development in India: a schematic view. Sharma, H. P. The green revolution in India: prelude to a red one? Chattopadhyay, P. Some trends in India's economic development. Gardezi H. N. Neocolonial alliances and the crisis of Pakistan. Alavi, H. The state in postcolonial societies: Pakistan and Bangladesh. Ahmed, F. Structure and contradiction in Pakistan.--The roots of struggle in the villages: Ahmad, S. Peasant classes in Pakistan. Gough, K. Harijans in Thanjavur. Shivaraman, M. Thanjavur: rumblings of class struggle in Tamil Nadu.--The rise of revolutionary movements: Ludden, D. The songs and revolution of Bharathi. Alavi, H. Peasants and revolution. Ram, M. The Communist movement in India. Zindabad, I. The red sun is rising: revolutionary struggle in India. Obeysekara, J. Revolutionary movements in Ceylon.--Bangladesh and the South Asian crisis: Mukherjee, R. The social background of Bangladesh. Ahmed, F. The structural matrix of the struggle in Bangladesh. Ali, T. Explosion in South Asia.
|
| 541 |
1 |
|
|e 00003638
|
| 651 |
|
0 |
|a South Asia
|x Politics and government.
|
| 651 |
|
0 |
|a South Asia
|x Economic conditions.
|
| 700 |
1 |
|
|a Sharma, Hari P.,
|e joint comp.
|
| 852 |
4 |
|
|a Ayesha Abed Library
|j General shelf
|
| 999 |
|
|
|c 6671
|d 6671
|
| 952 |
|
|
|0 0
|1 0
|2 ddc
|4 0
|6 320_954050000000000_GOU_1973
|7 0
|9 6831
|a BRACUL
|b BRACUL
|c GEN
|d 2010-01-04
|g 594.00
|l 1
|m 9
|o 320.95405 GOU
|p 3010003638
|r 2022-09-04
|s 2018-12-24
|t 1
|w 2010-01-04
|y BK
|